000 00945nac a22002897a 4500
001 BR9600633
003 BR-BrBNA
005 20240105121711.0
008 230509b bl.|||m| |||| 00| 0 por d
040 _aBR-BrBNA
_bpor
_cBiblioteca Nacional de Agricultura
072 _aF01
090 _a3855 BR9600633
100 1 _aHernani, L.C.
100 1 _aEndres, V.C.
100 1 _aPitol, C.
100 1 _aSalton, J.C.
110 1 _aCentro de Pesquisa Agropecuaria do Oeste, Dourados, MS (Brasil)
245 1 _aAdubos verdes de outono/inverno no Mato Grosso do Sul
260 3 _aDourados, MS (Brasil):
_c1995.
300 _a93 p.
490 _aDocumentos - Centro de Pesquisa Agropecuaria do Oeste (Brazil)
_vno. 4
_xISSN 0104-5172
500 _aSummaries (En, Pt); 9 illus.; 33 ref.; 11 tables
650 _aAdubacao Verde
650 _aMato Grosso do Sul
909 _a202312
_bLúcia Elande
_c55
_dLúcia Elande
942 _2AGRIS
_n0
_cMS
999 _c286899
_d286899